| Поле | Инд. | ПП | Название | Значение |
|---|---|---|---|---|
| Тип записи | a | |||
| Библиографический уровень | b | |||
| 001 | Контрольный номер | 5d2066ee45864c659c46e48c40dd96e0 | ||
| 005 | Дата корректировки | 20210908160205.6 | ||
| 024 | 80 | a | Стандартный номер | DOI: 10.1002/jrs.5333 |
| 040 | a | Служба первич. каталог. | РИНЦ | |
| b | Код языка каталог. | rus | ||
| 041 | 0_ | a | Код языка текста | Английский |
| 097 | a | Ануфриева Г.Ю. | ||
| 100 | 1_ | a | Автор | Fabelinsky V. I. |
| 100 | 1_ | a | Автор | Kozlov D. N. |
| 100 | 1_ | a | Автор | Orlov S. N. |
| 100 | 1_ | a | Автор | Arzumanyan G. M. |
| c | Титул (звания) | кандидат физико-математических наук | ||
| g | Прочие сведения | РИНЦ AuthorID: 97170 (http://elibrary.ru/author_profile.asp?id= 97170); Scopus Author ID: 6506990999 (https://www.scopus.com/authid/detail.uri?origin=resultslist&authorId=6506990999&zone=) | ||
| i | 100093087 | |||
| k | Кафедра нанотехнологий и новых материалов; Факультет естественных и инженерных наук | |||
| q | Полное имя | Арзуманян Григорий Макичевич | ||
| u | Дополнение | Арзуманян Г. М.; Arzumanyan Grigory M. | ||
| 245 | 10 | a | Заглавие | Surface-enhanced micro-CARS mapping of a nanostructured cerium dioxide/aluminum film surface with gold nanoparticle-bound organic molecules |
| 773 | 18 | t | Название источника | Journal of Raman Spectroscopy |
| b | Сведения об издании | John Wiley & Sons Ltd. | ||
| c | Великобритания | |||
| d | Место и дата издания | 2018 | ||
| m | Специф. данные | входит в Scopus; входит в WoS; входит в ядро РИНЦ | ||
| n | Примечание | https://elibrary.ru/title_about.asp?id=19443 | ||
| x | ISSN | 0377-0486 | ||
| g | Прочая информация | V. 49. - № 7. - P. 1145 - 1154 | ||
| w | Контрольный № источника | 15285927e0e54d6388484d201cfbbfd5 | ||
| 856 | 40 | u | URL | https://elibrary.ru/item.asp?id=35715086 |
| 901 | t | Тип документа | b | |
| 952 | c | Вид литературы | статья в журнале |